Environmentálne ocenenie podnikov cestovného ruchu

Podniky cestovného ruchu a motívy environmentálneho správania sa. Environmentálne ocenenia podnikov cestovného ruchu, označenia a certifikácie. Zelené ocenenia (Green Awards) a podmienky získania zelených ocenení WTGA. Výhody pre kandidátov a držiteľov ocenenia WTGA.

Salvato in:
Dettagli Bibliografici
Autore principale: Vačková, Andrea
Natura: Capitolo di libro
Lingua:slovacco
Soggetti:
Tags: Aggiungi Tag
Nessun Tag, puoi essere il primo ad aggiungerne!!

MARC

LEADER 00000nla$a2200000$$$4500
001 0120690
005 20240502072349.8
041 0 |a slo 
044 |a SK 
245 1 0 |a Environmentálne ocenenie podnikov cestovného ruchu  |c Andrea Vačková 
520 |a Podniky cestovného ruchu a motívy environmentálneho správania sa. Environmentálne ocenenia podnikov cestovného ruchu, označenia a certifikácie. Zelené ocenenia (Green Awards) a podmienky získania zelených ocenení WTGA. Výhody pre kandidátov a držiteľov ocenenia WTGA. 
610 2 0 |a ruch cestovný 
610 2 0 |a ruch cestovný medzinárodný 
610 2 0 |a podnik ruchu cestovného 
610 2 0 |a strediská ruchu cestovného 
610 2 0 |a zariadenia rekreačné 
610 2 0 |a podnikanie zodpovedné 
610 2 0 |a nástroje marketingové 
610 2 0 |a ochrana prostredia životného 
610 2 0 |a environmentalistika 
610 2 0 |a zodpovednosť spoločenská 
100 1 |a Vačková, Andrea